000 01426nam0a22002651 4500
001 v19\rc\1228439
005 20250617225303.0
035 _a(NLR Aleph) 004389364
090 _a3731843
_c3731843
100 _a20060306e18801880|||y0rusy50 ca
101 0 _arus
102 _aRU
105 _ay z |||||
200 1 _aЗаводские жеребцы
_aЗаводские матки
_eПо сведению 15-го сент. 1880
_fЗавод т. с. П.И. Шамшина Орловск. губ., Елецкого уезда, в с. Красной Пальне. Осн. 1880
210 _a[Москва]
_dценз. 1880
215 _a8 с.
309 _aБез тит. л. и обл.
311 _aИз 3-го вып. 4 т. кн. "Рысистые заводы в России", изд. Н.Д. Лодыгиным в прил. к "Газете коннозаводчиков и любителей лошадей"
488 0 _12001#$aРысистые заводы в России$eТ. 4, вып. 3$fИзд. Н.Д. Лодыгиным в прил. к "Газете коннозаводчиков и любителей лошадей"
_tРысистые заводы в России
710 0 2 _aКонный завод П.И. Шамшина
_cс. Красная Пальна, Орловск. губ.
801 0 _aRU
_bNLR
_gpsbo
801 1 _aRU
_bProSoft-M
_2rusmarc
852 _aNLR
_j18.142.3.269
942 _cBOOK
980 _aNB